000 00331 a2200157 4500
001 183416
020 _a85-305-0048-2
040 _cMagnum
100 _aSouza, Flavio de
240 1 0 _aEu & mim mesmo
_lpor
245 1 0 _aEu & mim mesmo
300 _a23
362 0 _a1987
697 _aLITERATURA INFANTO-JUVENIL
942 _cBK
999 _c183416
_d183416